| 000 | 01055cad a22001935a 4500 | ||
|---|---|---|---|
| 001 | L152642 | ||
| 008 | 110407s2011 xxk f 000 0 eng d | ||
| 035 | _a(Sirsi) u152642 | ||
| 041 | 0 | _aeng | |
| 110 | 2 |
_aUnited Kingdom _bMinistry of Justice _95477 |
|
| 245 | 0 | 4 |
_aThe Bribery Act 2010 _bguidance about procedures which relevant commercial organisations can put into place to prevent persons associated with them from bribing (section 9 of the Bribery Act 2010) _h[electronic resource] |
| 260 |
_a[S.l.] _bMinistry of Justice _c2011 |
||
| 520 | _aThis detailed guidance from the Ministry of Justice, published under section 9 of the Act, will help commercial organisations of all sizes and sectors understand what sorts of procedures they can put in place to prevent bribery. | ||
| 590 | _aKA NTK | ||
| 651 | 4 |
_aUnited Kingdom _y |
|
| 690 | _aMANAGEMENT-BUSINESS MANAGEMENT-PROFESSIONAL PRACTICE | ||
| 856 | 4 | 0 |
_uhttps://www.justice.gov.uk/guidance/docs/bribery-act-2010-guidance.pdf _z View this item free of charge at www.justice.gov.uk |
| 942 | _n0 | ||
| 999 |
_c112138 _d112138 |
||